| 000 | 01248nac a22003251i 4500 | ||
|---|---|---|---|
| 003 | EG-ScBUE | ||
| 005 | 20241008092947.0 | ||
| 008 | 241008r20021997enka f 001 0 eng d | ||
| 020 | _a9780521658195 | ||
| 020 | _a0521658195 | ||
| 040 |
_aEG-ScBUE _beng _erda _cEG-ScBUE _dEG-ScBUE |
||
| 082 | 0 | 4 |
_a515.1 _bRIL _222 |
| 100 | 1 |
_aRiley, K. F., _eauthor. |
|
| 245 | 1 | 0 |
_aMathematical methods for physics and engineering / _cK. F. Riley, M. P. Hobson, and S. J. Bence. |
| 250 | _aReprint edition. | ||
| 250 | _aCambridge low-price editions. | ||
| 264 | 1 |
_aCambridge, U.K. ; _aNew York, NY : _bCambridge University Press, _c2002. |
|
| 300 |
_axix, 1008 pages : _billustrations ; _c26 cm |
||
| 336 |
_2rdacontent _atext _btxt |
||
| 337 |
_aunmediated _2rdamedia _bn |
||
| 338 |
_avolume _bnc _2rdacarrier |
||
| 500 | _aIncludes index. | ||
| 650 | 7 |
_aMathematical analysis. _2BUEsh |
|
| 655 | _vReading book | ||
| 700 | 1 |
_aHobson, M. P. _q(Michael Paul), _d1967- _eauthor. |
|
| 700 | 1 |
_aBence, S. J. _q(Stephen John), _d1972- _eauthor. |
|
| 856 | 4 | 2 |
_3Publisher description _uhttp://www.loc.gov/catdir/description/cam028/96052942.html |
| 856 | 4 | 2 |
_3Table of contents _uhttp://www.loc.gov/catdir/toc/cam021/96052942.html |
| 942 |
_cBB _2ddc |
||
| 999 |
_c1223 _d1223 |
||